1868 1746 1320 1883 1414 1921 1129 1057 1624 1070 1173 1746 1239 1844 1455 1616 1146 1832 1971 1081 1704 1073 1307 1378 1186 1735 1348 1735 1935 1493 1338 1713 1471 1952 1258 1825 1034 1795 1029 1271 1621 1576 1486 1557 1889 1811 1158 1712 1068 1071 1696 1288 1796 1071 1255 1041 1349 1846 1928 1256 1451 1042 1592 1240 1417 1987 1207 1844 1357 1828 1257 1489 1486 1441 1736 1229 1766 1798 1025 1017 1348 1556 1278 1558 1314 1248 1254 1178 1070 1154 1317 1994 1655 1441 1828 1123 1462 1731 1078 BCNSPRNW ULIB Ver.6.0+V

เปลี่ยนเป็นภาษาไทย

Change to English
 แสดงรายละเอียดบรรณานุกรม
  กลับหน้าหลัก

Brief Record : Get Marc (ISO 2709) : E-mail record : QR code < ปิดหน้าต่าง
LEADER : 00000nam a2200000Ia 4500
001    13399125450
003     ULIB
008    161007s2559 th a 000 0 tha d
020    ^a9786164064485
040    ^abns
060 04 ^aWY164^bก492
245 00 ^aการพยาบาลอายุรศาสตร์-ศัลยศาสตร์ โรคไตและระบบทางเดินปัสสาวะ =^bKidney & urinary diseases : medical and surgical nursingcare /^cบรรณาธิการ, ชัชวาล วงศ์สารี
246 30 ^aโรคไตและระบบทางเดินปัสสาวะ
246 31 ^aKidney & urinary diseases :^bmedical and surgical nursingcare
250    ^aพิมพ์ครั้งที่ 1
260    ^aกรุงเทพฯ :^bN P Press Limitied Partnership,^c2559
300    ^a588 หน้า :^bภาพประกอบ ;^c21 ซม.
650  4 ^aการพยาบาลศัลยศาสตร์
650  4 ^aปัสสาวะ, โรค^xการพยาบาล
650  4 ^aปัสสาวะ, วิทยา^xตำราทางการพยาบาล
650  4 ^aไต, โรค^xการพยาบาล
700 0  ^aชัชวาล วงศ์สารี,^eบรรณาธิการ
945    ^p450^l0^i25065
945    ^p450^l0^i25066
945    ^p450^l0^i25067
945    ^p450^l0^i25068
945    ^p450^l0^i25069
995    ^aกัณชพร
999    ^aกัณชพร
รายการนี้ยังไม่มีแท็ก
คุณยังไม่ได้ล็อกอิน คุณสามารถมีกิจกรรมร่วมกับเว็บไซต์ได้ แต่ต้องล็อกอินก่อน ::
  ล็อกอิน

รายการสื่อสารสนเทศ

ลำดับที่ ประเภท เลขเรียก/บาร์โค้ด สถานที่ สถานะ
1. วิทยาศาสตร์การแพทย์ และสุขภาพ
วิทยาศาสตร์การแพทย์ และสุขภาพ
WY164 ก492 ฉ.1 
  Barcode: 25065
ห้องสมุดวิทยาเขตนครสวรรค์
►หนังสือทั่วไป:l:General Books
บนชั้น
2. วิทยาศาสตร์การแพทย์ และสุขภาพ
วิทยาศาสตร์การแพทย์ และสุขภาพ
WY164 ก492 ฉ.2 
  Barcode: 25066
ห้องสมุดวิทยาเขตนครสวรรค์
►หนังสือทั่วไป:l:General Books
บนชั้น
3. วิทยาศาสตร์การแพทย์ และสุขภาพ
วิทยาศาสตร์การแพทย์ และสุขภาพ
WY164 ก492 ฉ.3 
  Barcode: 25067
ห้องสมุดวิทยาเขตนครสวรรค์
►หนังสือทั่วไป:l:General Books
บนชั้น
4. วิทยาศาสตร์การแพทย์ และสุขภาพ
วิทยาศาสตร์การแพทย์ และสุขภาพ
WY164 ก492 ฉ.4 
  Barcode: 25068
ห้องสมุดวิทยาเขตนครสวรรค์
►หนังสือทั่วไป:l:General Books
บนชั้น
5. วิทยาศาสตร์การแพทย์ และสุขภาพ
วิทยาศาสตร์การแพทย์ และสุขภาพ
WY164 ก492 ฉ.5 
  Barcode: 25069
ห้องสมุดวิทยาเขตนครสวรรค์
►หนังสือทั่วไป:l:General Books
ถูกยืม กำหนดส่งวันที่ 2 มิถุนายน 2569
  จอง

รายการใกล้เคียง
    หัวเรื่อง [การพยาบาลศัลยศาสตร์]

BibComment


ยังไม่เคยถูกคอมเมนท์

คอมเมนท์ทรัพยากรรายการนี้
  คอมเมนท์: การพยาบาลอายุรศา..


 Copyright 2026. Bcnsprnw @Library